| 000 | 00582nam a22001937a 4500 | ||
|---|---|---|---|
| 999 |
_c171105 _d171105 |
||
| 005 | 20200106171028.0 | ||
| 010 | _aENG-127276 | ||
| 020 |
_a9788170949916 _c795.00 |
||
| 035 | _aEN-110808 | ||
| 037 | _bDBAD/PUB | ||
| 082 | _a808.88 | ||
| 100 | _aVerma, K.D. | ||
| 245 |
_aUnderstanding Mulk Raj Anand : _cby K.D. Verma _bHis mind and art / |
||
| 260 |
_aNew Delhi _bVision Books _c2017 |
||
| 270 |
_a24 Feroze Gandhi Road, Lajpat Nagar-III, _bNew Delhi _e110024 |
||
| 300 |
_a260p. _c23cm(Hb) |
||
| 500 | _aIncludes index | ||
| 942 |
_2ddc _cEN _mVER _h921 |
||